000 00690nam a2200289Ia 4500
005 20260324140234.0
008 008 260324s9999 xx 000 0 eng d
020 _a9780429432781
037 _aEBOOK
040 _aCRL
040 _beng
040 _cCRL
041 _2eng
041 _aeng
084 _qCRL
100 _aA.J.R. Russell-Wood
_91203637
245 0 _aLocal Government in European Overseas Empires, 1450–1800
245 0 _bPart II
260 _bTaylor and Francis
260 _c1999
365 _a
365 _b145
856 _uhttp://www.taylorfrancis.com/books/9780429432781
942 _cEBOOK
999 _c1805515
_d1805515